Państwa z największą ilością graczy - Statystyki

Ogólne statystyki
  • Ten quiz został rozwiązany 22 razy
  • Średni wynik to 20 z 23
Statystyki odpowiedzi
Ilość akt. użytkowników Państwo % Poprawnych
1.6M Japonia
100%
3M Kanada
100%
9.5M Rosja
100%
13.7M USA
100%
1.1M Włochy
100%
1.3M Argentyna
94%
4.9M Brazylia
94%
11.4M Chiny
94%
2.8M Francja
94%
1.2M Hiszpania
94%
1M Meksyk
94%
3.6M Niemcy
94%
2.4M Polska
94%
1.4M Australia
89%
1.5M Korea południowa
89%
2M Ukraina
89%
2.6M Wielka Brytania
89%
1M Chile
83%
2.8M Turcja
83%
1.4M Indonezja
67%
1M Rumunia
67%
1.2M Tajlandia
61%
2.1M Filipiny
50%
Nie znaleziono quizów pasujących do podanych kryteriów
Rozkład punktacji
Procent ludzi z każdym wynikiem
Percentyl według liczby udzielonych odpowiedzi
Twoja historia wyników
Nie rozwiązałeś tego quizu